000 00862nam a2200229Ia 4500
003 OSt
005 20260122193119.0
007 ca aa aaaaa
008 201103s9999 xx 000 0 und d
040 _cSSBUL
041 _abur
082 _a၂၉၄.၃၈၂၄
_bအောင်
100 _a အောင်သိမ်း၊ ဦး
245 0 _aရှေးဦးသင်အဘိဓမ္မာ ၊ ဒုတိယပိုင်း /
_cဦးအောင်သိမ်း။
250 _aဒုတိယအကြိမ်။
260 _aရန်ကုန် ၊
_bကုသလဝတီစာပုံနှိပ်တိုက်၊
_c၁၀၆၀။
300 _aည၊ ၁၆၄ စာမျက်နှာ ၊
_c၁၉ စင်တီ။
500 _aS-SAT: Dr. Prof Sai Aung Tun
942 _cBK1
942 _2ddc
942 _2ddc
999 _c16660
_d16660